Holografie po třiceti letech

Podrobná bibliografia
Hlavný autor: Hoff, František (Autor)
Médium: Článok
Jazyk:slovenčina
čeština
Fyzický popis:Obr. 6. Schémy 3.
Predmet:

MARC

LEADER 00000nab a2200000 a 4500
001 vtls000033342
003 SK-MaSNL
005 20260304065027.0
008 250422c1979 xo 0 slo
015 |a SNBRB19rr/mm-uuuuu 
035 |a CL0043436 
035 |a urn:nbn:sk:snk-abb7xk 
035 |a (urnnbn)urn:nbn:sk:snk:ar-0058xn 
035 |a (uuid)d6b079c8-a403-429a-9d05-7cb015e9051e 
040 |a SNKBUCL  |b slo  |c SNKBUCL  |e AACR2 
041 0 |a cze 
044 |a xo  |c SK 
080 |a 621.39  |2 1981 
100 1 |a Hoff, František  |4 aut  |9 946457 
245 1 0 |a Holografie po třiceti letech  |c František Hoff 
300 |b Obr. 6. Schémy 3. 
650 0 7 |a holografia obrazová  |2 snkbucl  |9 1353570 
650 0 7 |a holografia technická  |2 snkbucl  |9 1353571 
655 7 |a články z novín a časopisov  |2 snkbucl  |9 267496 
773 0 |t Technická práca  |g Roč. 31, č. 3 (1979), s. 47-50 
850 |a Slovenská národná knižnica 
852 |a Slovenská národná knižnica 
958 |a article15 
958 |a OND 
958 |a RK 
958 |a CZ 
958 |a EUIPO 
992 |a RBX 
999 |c 2748955  |d 2750885